Statistics for Oklahoma City Thunder Top 50 Career Points Leaders

Click here to take the quiz!

General Stats

  • This quiz has been taken 15 times
  • The average score is 16 of 50

Answer Stats

#Player NameTotal Points% Correct
3.Kevin Durant17,566
100%
1.Russell Westbrook18,859
100%
18.Serge Ibaka6,054
85%
2.Gary Payton18,207
77%
43.James Harden2,795
77%
32.Paul George3,893
77%
13.Shai Gilgeous-Alexander7,316
69%
7.Shawn Kemp10,148
69%
8.Gus Williams9,676
62%
5.Jack Sikma12,034
54%
14.Ray Allen7,273
54%
47.Josh Giddey2,541
46%
22.Steven Adams5,191
46%
10.Xavier McDaniel8,438
46%
37.Luguentz Dort3,416
38%
25.Nate McMillan4,733
38%
21.Nick Collison5,359
38%
12.Tom Chambers8,028
38%
9.Dale Ellis9,405
31%
26.Dennis Johnson4,590
31%
17.Derrick McKey6,179
31%
35.Eddie Johnson3,714
31%
4.Fred Brown14,018
31%
36.John Johnson3,608
31%
6.Rashard Lewis10,251
31%
24.Sam Perkins4,844
31%
33.Hersey Hawkins3,798
23%
34.Michael Cage3,742
23%
23.Vin Baker5,054
23%
30.Brent Barry4,107
15%
50.Dennis Schroder2,453
15%
29.Jeff Green4,111
15%
19.Lenny Wilkens6,010
15%
27.Lonnie Shelton4,460
15%
39.Luke Ridnour3,288
15%
28.Ricky Pierce4,393
15%
11.Spencer Haywood8,131
15%
40.Al Wood3,265
8%
20.Bob Rule5,646
8%
44.Chris Wilcox2,654
8%
15.Detlef Shrempf6,870
8%
45.Enes Kanter2,556
8%
49.Sedale Threatt2,495
8%
16.Dick Snyder6,507
0%
48.Earl Watson2,519
0%
38.Slick Watts3,396
0%
42.Tom Burleson2,905
0%
31.Tom Meschery4,050
0%
41.Vladimir Radmanovic3,232
0%
46.Wally Walker2,543
0%

Score Distribution

Percentile by Number Answered

Percent of People with Each Score

Your Score History

You have not taken this quiz